<?xml version="1.0" encoding="UTF-8"?>
<collection xmlns="http://www.loc.gov/MARC21/slim">
 <record>
  <leader>05165cam a2201069   4500</leader>
  <controlfield tag="001">026197979</controlfield>
  <controlfield tag="003">DE-627</controlfield>
  <controlfield tag="005">20240830155125.0</controlfield>
  <controlfield tag="007">tu</controlfield>
  <controlfield tag="008">851028s1985    gw |||||      00| ||ger c</controlfield>
  <datafield tag="010" ind1=" " ind2=" ">
   <subfield code="a">   85143284 </subfield>
  </datafield>
  <datafield tag="015" ind1=" " ind2=" ">
   <subfield code="a">84,N51,0324</subfield>
   <subfield code="2">dnb</subfield>
  </datafield>
  <datafield tag="015" ind1=" " ind2=" ">
   <subfield code="a">85,A18,0567</subfield>
   <subfield code="2">dnb</subfield>
  </datafield>
  <datafield tag="016" ind1="7" ind2=" ">
   <subfield code="a">841122067</subfield>
   <subfield code="2">DE-101</subfield>
  </datafield>
  <datafield tag="020" ind1=" " ind2=" ">
   <subfield code="a">3786113246</subfield>
   <subfield code="9">3-7861-1324-6</subfield>
  </datafield>
  <datafield tag="035" ind1=" " ind2=" ">
   <subfield code="a">(DE-627)026197979</subfield>
  </datafield>
  <datafield tag="035" ind1=" " ind2=" ">
   <subfield code="a">(DE-576)011972475</subfield>
  </datafield>
  <datafield tag="035" ind1=" " ind2=" ">
   <subfield code="a">(DE-599)GBV026197979</subfield>
  </datafield>
  <datafield tag="035" ind1=" " ind2=" ">
   <subfield code="a">(OCoLC)12261199</subfield>
  </datafield>
  <datafield tag="035" ind1=" " ind2=" ">
   <subfield code="a">(OCoLC)310644121</subfield>
  </datafield>
  <datafield tag="035" ind1=" " ind2=" ">
   <subfield code="a">(OCoLC)610871744</subfield>
  </datafield>
  <datafield tag="035" ind1=" " ind2=" ">
   <subfield code="a">(OCoLC)1078747952</subfield>
  </datafield>
  <datafield tag="035" ind1=" " ind2=" ">
   <subfield code="a">(DE-604)8003199657</subfield>
  </datafield>
  <datafield tag="040" ind1=" " ind2=" ">
   <subfield code="a">DE-627</subfield>
   <subfield code="b">ger</subfield>
   <subfield code="c">DE-627</subfield>
   <subfield code="e">rakwb</subfield>
  </datafield>
  <datafield tag="041" ind1=" " ind2=" ">
   <subfield code="a">ger</subfield>
  </datafield>
  <datafield tag="044" ind1=" " ind2=" ">
   <subfield code="c">XA-DE</subfield>
  </datafield>
  <datafield tag="050" ind1=" " ind2="0">
   <subfield code="a">NA7735</subfield>
  </datafield>
  <datafield tag="082" ind1="0" ind2=" ">
   <subfield code="a">728.8/2/0944</subfield>
   <subfield code="q">LOC</subfield>
   <subfield code="2">19</subfield>
  </datafield>
  <datafield tag="084" ind1=" " ind2=" ">
   <subfield code="a">45</subfield>
   <subfield code="2">sdnb</subfield>
  </datafield>
  <datafield tag="084" ind1=" " ind2=" ">
   <subfield code="a">9,10</subfield>
   <subfield code="2">ssgn</subfield>
  </datafield>
  <datafield tag="084" ind1=" " ind2=" ">
   <subfield code="a">LM 79803</subfield>
   <subfield code="2">rvk</subfield>
   <subfield code="0">(DE-625)rvk/101328:157</subfield>
  </datafield>
  <datafield tag="084" ind1=" " ind2=" ">
   <subfield code="a">LM 79800</subfield>
   <subfield code="2">rvk</subfield>
   <subfield code="0">(DE-625)rvk/101328:154</subfield>
  </datafield>
  <datafield tag="084" ind1=" " ind2=" ">
   <subfield code="a">ZH 6030</subfield>
   <subfield code="2">rvk</subfield>
   <subfield code="0">(DE-625)rvk/156187:</subfield>
  </datafield>
  <datafield tag="084" ind1=" " ind2=" ">
   <subfield code="a">15.65</subfield>
   <subfield code="2">bkl</subfield>
  </datafield>
  <datafield tag="084" ind1=" " ind2=" ">
   <subfield code="a">21.60</subfield>
   <subfield code="2">bkl</subfield>
  </datafield>
  <datafield tag="084" ind1=" " ind2=" ">
   <subfield code="a">21.71</subfield>
   <subfield code="2">bkl</subfield>
  </datafield>
  <datafield tag="100" ind1="1" ind2=" ">
   <subfield code="a">Prinz, Wolfram</subfield>
   <subfield code="d">1929-2011</subfield>
   <subfield code="0">(DE-588)119036991</subfield>
   <subfield code="0">(DE-627)079826105</subfield>
   <subfield code="0">(DE-576)210801840</subfield>
   <subfield code="4">aut</subfield>
  </datafield>
  <datafield tag="245" ind1="1" ind2="4">
   <subfield code="a">Das französische Schloss der Renaissance</subfield>
   <subfield code="b">Form und Bedeutung der Architektur, ihre geschichtlichen und gesellschaftlichen Grundlagen</subfield>
   <subfield code="c">Wolfram Prinz; Ronald G. Kecks. Mit Beiträgen von Uwe Albrecht und einem Beitrag von Jean Guillaume</subfield>
  </datafield>
  <datafield tag="264" ind1=" " ind2="1">
   <subfield code="a">Berlin</subfield>
   <subfield code="b">Mann</subfield>
   <subfield code="c">1985</subfield>
  </datafield>
  <datafield tag="300" ind1=" " ind2=" ">
   <subfield code="a">645 S.</subfield>
   <subfield code="b">739 Ill. (z.T. farb.) u. graph. Darst.</subfield>
   <subfield code="c">8°</subfield>
  </datafield>
  <datafield tag="336" ind1=" " ind2=" ">
   <subfield code="a">Text</subfield>
   <subfield code="b">txt</subfield>
   <subfield code="2">rdacontent</subfield>
  </datafield>
  <datafield tag="337" ind1=" " ind2=" ">
   <subfield code="a">ohne Hilfsmittel zu benutzen</subfield>
   <subfield code="b">n</subfield>
   <subfield code="2">rdamedia</subfield>
  </datafield>
  <datafield tag="338" ind1=" " ind2=" ">
   <subfield code="a">Band</subfield>
   <subfield code="b">nc</subfield>
   <subfield code="2">rdacarrier</subfield>
  </datafield>
  <datafield tag="490" ind1="1" ind2=" ">
   <subfield code="a">Frankfurter Forschungen zur Kunst</subfield>
   <subfield code="v">12</subfield>
  </datafield>
  <datafield tag="500" ind1=" " ind2=" ">
   <subfield code="a">Literaturangaben</subfield>
  </datafield>
  <datafield tag="583" ind1="1" ind2=" ">
   <subfield code="a">Massenentsäuerung nicht möglich</subfield>
   <subfield code="2">pdager</subfield>
   <subfield code="5">DE-18-308</subfield>
  </datafield>
  <datafield tag="583" ind1="1" ind2=" ">
   <subfield code="a">Archivierung/Langzeitarchivierung gewährleistet</subfield>
   <subfield code="f">SSG</subfield>
   <subfield code="x">XA-DE-BW</subfield>
   <subfield code="2">pdager</subfield>
   <subfield code="5">DE-16</subfield>
  </datafield>
  <datafield tag="650" ind1=" " ind2="0">
   <subfield code="a">Castles</subfield>
   <subfield code="z">France</subfield>
  </datafield>
  <datafield tag="650" ind1=" " ind2="0">
   <subfield code="a">Architecture, Renaissance</subfield>
   <subfield code="z">France</subfield>
  </datafield>
  <datafield tag="650" ind1=" " ind2="4">
   <subfield code="a">Schloss</subfield>
  </datafield>
  <datafield tag="650" ind1=" " ind2="4">
   <subfield code="a">Renaissance</subfield>
  </datafield>
  <datafield tag="650" ind1=" " ind2="4">
   <subfield code="a">Frankreich / R.b. Architektur, Bautechnik</subfield>
  </datafield>
  <datafield tag="689" ind1="0" ind2="0">
   <subfield code="d">g</subfield>
   <subfield code="0">(DE-588)4018145-5</subfield>
   <subfield code="0">(DE-627)106327232</subfield>
   <subfield code="0">(DE-576)208922857</subfield>
   <subfield code="a">Frankreich</subfield>
   <subfield code="2">gnd</subfield>
  </datafield>
  <datafield tag="689" ind1="0" ind2="1">
   <subfield code="d">s</subfield>
   <subfield code="0">(DE-588)4052753-0</subfield>
   <subfield code="0">(DE-627)104629436</subfield>
   <subfield code="0">(DE-576)209099739</subfield>
   <subfield code="a">Schloss</subfield>
   <subfield code="2">gnd</subfield>
  </datafield>
  <datafield tag="689" ind1="0" ind2="2">
   <subfield code="a">z</subfield>
   <subfield code="2">gnd</subfield>
   <subfield code="a">Geschichte 1480-1547</subfield>
  </datafield>
  <datafield tag="689" ind1="0" ind2=" ">
   <subfield code="5">DE-101</subfield>
  </datafield>
  <datafield tag="689" ind1="1" ind2="0">
   <subfield code="d">s</subfield>
   <subfield code="0">(DE-588)4049450-0</subfield>
   <subfield code="0">(DE-627)104117257</subfield>
   <subfield code="0">(DE-576)209082151</subfield>
   <subfield code="a">Renaissance</subfield>
   <subfield code="2">gnd</subfield>
  </datafield>
  <datafield tag="689" ind1="1" ind2="1">
   <subfield code="d">s</subfield>
   <subfield code="0">(DE-588)4052753-0</subfield>
   <subfield code="0">(DE-627)104629436</subfield>
   <subfield code="0">(DE-576)209099739</subfield>
   <subfield code="a">Schloss</subfield>
   <subfield code="2">gnd</subfield>
  </datafield>
  <datafield tag="689" ind1="1" ind2="2">
   <subfield code="d">s</subfield>
   <subfield code="0">(DE-588)4005184-5</subfield>
   <subfield code="0">(DE-627)104325550</subfield>
   <subfield code="0">(DE-576)20885973X</subfield>
   <subfield code="a">Bedeutung</subfield>
   <subfield code="2">gnd</subfield>
  </datafield>
  <datafield tag="689" ind1="1" ind2="3">
   <subfield code="d">g</subfield>
   <subfield code="0">(DE-588)4018145-5</subfield>
   <subfield code="0">(DE-627)106327232</subfield>
   <subfield code="0">(DE-576)208922857</subfield>
   <subfield code="a">Frankreich</subfield>
   <subfield code="2">gnd</subfield>
  </datafield>
  <datafield tag="689" ind1="1" ind2=" ">
   <subfield code="5">DE-101</subfield>
  </datafield>
  <datafield tag="689" ind1="2" ind2="0">
   <subfield code="d">g</subfield>
   <subfield code="0">(DE-588)4018145-5</subfield>
   <subfield code="0">(DE-627)106327232</subfield>
   <subfield code="0">(DE-576)208922857</subfield>
   <subfield code="a">Frankreich</subfield>
   <subfield code="2">gnd</subfield>
  </datafield>
  <datafield tag="689" ind1="2" ind2="1">
   <subfield code="d">s</subfield>
   <subfield code="0">(DE-588)4052753-0</subfield>
   <subfield code="0">(DE-627)104629436</subfield>
   <subfield code="0">(DE-576)209099739</subfield>
   <subfield code="a">Schloss</subfield>
   <subfield code="2">gnd</subfield>
  </datafield>
  <datafield tag="689" ind1="2" ind2="2">
   <subfield code="d">s</subfield>
   <subfield code="0">(DE-588)4002851-3</subfield>
   <subfield code="0">(DE-627)104280352</subfield>
   <subfield code="0">(DE-576)208848975</subfield>
   <subfield code="a">Architektur</subfield>
   <subfield code="2">gnd</subfield>
  </datafield>
  <datafield tag="689" ind1="2" ind2="3">
   <subfield code="a">z</subfield>
   <subfield code="2">gnd</subfield>
   <subfield code="a">Geschichte 1500-1550</subfield>
  </datafield>
  <datafield tag="689" ind1="2" ind2=" ">
   <subfield code="5">(DE-627)</subfield>
  </datafield>
  <datafield tag="700" ind1="1" ind2=" ">
   <subfield code="a">Kecks, Ronald G.</subfield>
   <subfield code="d">1953-</subfield>
   <subfield code="0">(DE-588)122254104</subfield>
   <subfield code="0">(DE-627)08183179X</subfield>
   <subfield code="0">(DE-576)293177007</subfield>
   <subfield code="4">aut</subfield>
  </datafield>
  <datafield tag="700" ind1="1" ind2=" ">
   <subfield code="a">Albrecht, Uwe</subfield>
   <subfield code="d">1954-</subfield>
   <subfield code="0">(DE-588)134182618</subfield>
   <subfield code="0">(DE-627)562121331</subfield>
   <subfield code="0">(DE-576)258211814</subfield>
   <subfield code="4">oth</subfield>
  </datafield>
  <datafield tag="787" ind1="0" ind2="8">
   <subfield code="i">Rezensiert in</subfield>
   <subfield code="a">Châtelet-Lange, Liliane, 1929 - </subfield>
   <subfield code="t">[Rezension von: Wolfram Prinz, Ronald G. Kecks, Das französische Schloß der Renaissance]</subfield>
   <subfield code="d">Nürnberg : Carl, 1986</subfield>
   <subfield code="w">(DE-627)1693297558</subfield>
  </datafield>
  <datafield tag="830" ind1=" " ind2="0">
   <subfield code="a">Frankfurter Forschungen zur Kunst</subfield>
   <subfield code="v">12</subfield>
   <subfield code="9">1200</subfield>
   <subfield code="w">(DE-627)13024676X</subfield>
   <subfield code="w">(DE-576)008532370</subfield>
   <subfield code="w">(DE-600)549660-3</subfield>
   <subfield code="x">0932-4003</subfield>
   <subfield code="7">ns</subfield>
  </datafield>
  <datafield tag="856" ind1="4" ind2="2">
   <subfield code="u">http://d-nb.info/841122067/04</subfield>
   <subfield code="m">V:DE-605</subfield>
   <subfield code="q">application/pdf</subfield>
   <subfield code="3">Inhaltsverzeichnis</subfield>
  </datafield>
  <datafield tag="935" ind1=" " ind2=" ">
   <subfield code="i">Blocktest</subfield>
  </datafield>
  <datafield tag="936" ind1="r" ind2="v">
   <subfield code="a">LM 79803</subfield>
   <subfield code="b">Neuzeit (-1800)</subfield>
   <subfield code="k">Kunstgeschichte</subfield>
   <subfield code="k">Kunst nach Ländern bzw. Kontinenten</subfield>
   <subfield code="k">Frankreich</subfield>
   <subfield code="k">Französische Kunstgeschichte nach Gattungen</subfield>
   <subfield code="k">Architektur</subfield>
   <subfield code="k">Ordnung nach Aufgaben</subfield>
   <subfield code="k">Wohnbauten (Residenz, Palast, Schloss, Villa, Wohnhaus)</subfield>
   <subfield code="k">Neuzeit (-1800)</subfield>
   <subfield code="0">(DE-627)1271861275</subfield>
   <subfield code="0">(DE-625)rvk/101328:157</subfield>
   <subfield code="0">(DE-576)201861275</subfield>
  </datafield>
  <datafield tag="936" ind1="r" ind2="v">
   <subfield code="a">LM 79800</subfield>
   <subfield code="b">allgemein</subfield>
   <subfield code="k">Kunstgeschichte</subfield>
   <subfield code="k">Kunst nach Ländern bzw. Kontinenten</subfield>
   <subfield code="k">Frankreich</subfield>
   <subfield code="k">Französische Kunstgeschichte nach Gattungen</subfield>
   <subfield code="k">Architektur</subfield>
   <subfield code="k">Ordnung nach Aufgaben</subfield>
   <subfield code="k">Wohnbauten (Residenz, Palast, Schloss, Villa, Wohnhaus)</subfield>
   <subfield code="k">allgemein</subfield>
   <subfield code="0">(DE-627)1271118076</subfield>
   <subfield code="0">(DE-625)rvk/101328:154</subfield>
   <subfield code="0">(DE-576)201118076</subfield>
  </datafield>
  <datafield tag="936" ind1="r" ind2="v">
   <subfield code="a">ZH 6030</subfield>
   <subfield code="b">Schlösser, Residenzen</subfield>
   <subfield code="k">Technik</subfield>
   <subfield code="k">Architektur</subfield>
   <subfield code="k">Öffentliche Gebäude</subfield>
   <subfield code="k">Schlösser, Residenzen</subfield>
   <subfield code="0">(DE-627)1271573385</subfield>
   <subfield code="0">(DE-625)rvk/156187:</subfield>
   <subfield code="0">(DE-576)201573385</subfield>
  </datafield>
  <datafield tag="936" ind1="b" ind2="k">
   <subfield code="a">15.65</subfield>
   <subfield code="j">Frankreich</subfield>
   <subfield code="x">Geschichte</subfield>
   <subfield code="0">(DE-627)181571641</subfield>
  </datafield>
  <datafield tag="936" ind1="b" ind2="k">
   <subfield code="a">21.60</subfield>
   <subfield code="j">Baugeschichte: Allgemeines</subfield>
   <subfield code="0">(DE-627)106421247</subfield>
  </datafield>
  <datafield tag="936" ind1="b" ind2="k">
   <subfield code="a">21.71</subfield>
   <subfield code="j">Geschichte öffentlicher Bauten</subfield>
   <subfield code="0">(DE-627)106421263</subfield>
  </datafield>
  <datafield tag="951" ind1=" " ind2=" ">
   <subfield code="a">BO</subfield>
  </datafield>
  <datafield tag="990" ind1=" " ind2=" ">
   <subfield code="a">Frankreich</subfield>
  </datafield>
  <datafield tag="990" ind1=" " ind2=" ">
   <subfield code="a">Schloss</subfield>
  </datafield>
  <datafield tag="990" ind1=" " ind2=" ">
   <subfield code="a">Geschichte 1480-1547</subfield>
  </datafield>
  <datafield tag="990" ind1=" " ind2=" ">
   <subfield code="a">Renaissance</subfield>
  </datafield>
  <datafield tag="990" ind1=" " ind2=" ">
   <subfield code="a">Schloss</subfield>
  </datafield>
  <datafield tag="990" ind1=" " ind2=" ">
   <subfield code="a">Bedeutung</subfield>
  </datafield>
  <datafield tag="990" ind1=" " ind2=" ">
   <subfield code="a">Frankreich</subfield>
  </datafield>
  <datafield tag="990" ind1=" " ind2=" ">
   <subfield code="a">Frankreich</subfield>
  </datafield>
  <datafield tag="990" ind1=" " ind2=" ">
   <subfield code="a">Schloss</subfield>
  </datafield>
  <datafield tag="990" ind1=" " ind2=" ">
   <subfield code="a">Architektur</subfield>
  </datafield>
  <datafield tag="990" ind1=" " ind2=" ">
   <subfield code="a">Geschichte 1500-1550</subfield>
  </datafield>
  <datafield tag="991" ind1=" " ind2=" ">
   <subfield code="a">Rezensiertes Werk</subfield>
  </datafield>
  <datafield tag="999" ind1=" " ind2=" ">
   <subfield code="a">KXP-PPN026197979</subfield>
   <subfield code="e">4012545833</subfield>
  </datafield>
 </record>
</collection>
